000 00519cam a2200205ua 4500
020 _a81 224 0831 1
_c195.00
041 _aeng
_h
082 _a510
_bDEV/TE
100 _aDevsharma, B K .
245 _aTextbook of mathematics /
_cB K Devsharma.
_hTextual Documents
250 _a1 /
_b.
260 _aNew Delhi :
_bNew Age International Ltd ,
_c1997.
300 _a109 ; .
365 _a195.00
500 _a20309 - CSS
504 _a
700 1 _aNath, D .
942 _cBK
999 _c9447
_d9447